<?xml version="1.0" encoding="UTF-8"?>
<record
    xmlns:xsi="http://www.w3.org/2001/XMLSchema-instance"
    xsi:schemaLocation="http://www.loc.gov/MARC21/slim http://www.loc.gov/standards/marcxml/schema/MARC21slim.xsd"
    xmlns="http://www.loc.gov/MARC21/slim">

  <leader>01484cam a2200325 a 4500</leader>
  <controlfield tag="001">000007628</controlfield>
  <controlfield tag="005">20200929154234.0</controlfield>
  <controlfield tag="008">950120s1994    flua     bc   001 0 eng d</controlfield>
  <datafield tag="020" ind1=" " ind2=" ">
    <subfield code="a">0935761071</subfield>
  </datafield>
  <datafield tag="035" ind1=" " ind2=" ">
    <subfield code="a">(DLC) 95135344</subfield>
  </datafield>
  <datafield tag="035" ind1=" " ind2=" ">
    <subfield code="a">(OCoLC)31861301</subfield>
  </datafield>
  <datafield tag="040" ind1=" " ind2=" ">
    <subfield code="a">DO-SdBNP</subfield>
    <subfield code="b">spa</subfield>
    <subfield code="c">BNPHU</subfield>
    <subfield code="d">DLC</subfield>
  </datafield>
  <datafield tag="050" ind1="0" ind2="0">
    <subfield code="a">NE2325.5.M5</subfield>
    <subfield code="b">A4 1994</subfield>
  </datafield>
  <datafield tag="051" ind1=" " ind2=" ">
    <subfield code="a">NE2325.5.M5</subfield>
    <subfield code="b">A4 1994 Copy 3</subfield>
    <subfield code="c">Provenance: Gift of Jay I. Kislak Foundation.</subfield>
  </datafield>
  <datafield tag="082" ind1=" " ind2=" ">
    <subfield code="a">769.92</subfield>
    <subfield code="2">20</subfield>
    <subfield code="b">C965m</subfield>
  </datafield>
  <datafield tag="100" ind1="1" ind2=" ">
    <subfield code="a">Cueto, Emilio,</subfield>
    <subfield code="d">1944-</subfield>
    <subfield code="9">21122</subfield>
  </datafield>
  <datafield tag="245" ind1="1" ind2="0">
    <subfield code="a">Mialhe's colonial Cuba :</subfield>
    <subfield code="b">the prints that shaped the world's view of Cuba /</subfield>
    <subfield code="c">Emilio Cueto.</subfield>
  </datafield>
  <datafield tag="260" ind1=" " ind2=" ">
    <subfield code="a">Miami :</subfield>
    <subfield code="b">Historical Association of Southern Florida,</subfield>
    <subfield code="c">c1994.</subfield>
  </datafield>
  <datafield tag="300" ind1=" " ind2=" ">
    <subfield code="a">vii, 132 p. :</subfield>
    <subfield code="b">il. ;</subfield>
    <subfield code="c">22 cm.</subfield>
  </datafield>
  <datafield tag="500" ind1=" " ind2=" ">
    <subfield code="a">Cat&#xE1;logo de una exposici&#xF3;n celebrada en el Museo Hist&#xF3;rico del Sur de la Florida de 6 de octubre 1994-enero 30, 1995.</subfield>
  </datafield>
  <datafield tag="504" ind1=" " ind2=" ">
    <subfield code="a">Incluye referencias bibliogr&#xE1;ficas (p. 125-128) e &#xED;ndice.</subfield>
  </datafield>
  <datafield tag="600" ind1="1" ind2="0">
    <subfield code="a">Mialhe, Frederic,</subfield>
    <subfield code="d">1810-1881</subfield>
    <subfield code="v">Exhibitions.</subfield>
    <subfield code="9">21163</subfield>
  </datafield>
  <datafield tag="651" ind1=" " ind2="0">
    <subfield code="a">Cuba</subfield>
    <subfield code="v">Iin art</subfield>
    <subfield code="v">Exhibitions.</subfield>
    <subfield code="9">21164</subfield>
  </datafield>
  <datafield tag="650" ind1=" " ind2="0">
    <subfield code="a">Lithography</subfield>
    <subfield code="x">Private collections</subfield>
    <subfield code="z">Washington (D.C.{Rpara}</subfield>
    <subfield code="v">Exhibitions.</subfield>
    <subfield code="9">21165</subfield>
  </datafield>
  <datafield tag="600" ind1="1" ind2="0">
    <subfield code="a">Cueto, Emilio,</subfield>
    <subfield code="d">1944-</subfield>
    <subfield code="x">Art collections</subfield>
    <subfield code="v">Exhibitions.</subfield>
    <subfield code="9">21166</subfield>
  </datafield>
  <datafield tag="700" ind1="1" ind2=" ">
    <subfield code="a">Mialhe, Frederic,</subfield>
    <subfield code="d">1810-1881.</subfield>
    <subfield code="9">21167</subfield>
  </datafield>
  <datafield tag="710" ind1="1" ind2=" ">
    <subfield code="a">Historical Museum of Southern Florida (Miami, Fla.)</subfield>
    <subfield code="9">21126</subfield>
  </datafield>
  <datafield tag="710" ind1="1" ind2=" ">
    <subfield code="a">Jay I. Kislak Reference Collection (Library of Congress)</subfield>
    <subfield code="5">DLC</subfield>
    <subfield code="9">21168</subfield>
  </datafield>
  <datafield tag="910" ind1=" " ind2=" ">
    <subfield code="a">Catalogaci&#xF3;n por copia / LC</subfield>
  </datafield>
  <datafield tag="952" ind1=" " ind2=" ">
    <subfield code="0">0</subfield>
    <subfield code="1">0</subfield>
    <subfield code="5">2</subfield>
    <subfield code="7">0</subfield>
    <subfield code="8">MO</subfield>
    <subfield code="a">GR</subfield>
    <subfield code="b">GR</subfield>
    <subfield code="c">CT</subfield>
    <subfield code="d">2009-09-09</subfield>
    <subfield code="i">LF1</subfield>
    <subfield code="l">0</subfield>
    <subfield code="o">769.92 C965m</subfield>
    <subfield code="p">7628-10</subfield>
    <subfield code="r">2020-06-25</subfield>
    <subfield code="w">2020-06-25</subfield>
    <subfield code="y">2</subfield>
    <subfield code="Z">Pr&#xE9;stamo interno</subfield>
  </datafield>
  <datafield tag="999" ind1=" " ind2=" ">
    <subfield code="c">7408</subfield>
    <subfield code="d">7408</subfield>
  </datafield>
</record>
